00000000nam 2200000zi 4500
0019.928994
003CaOODSP
00520240201164752
006m     o  d f      
007cr cn|||||||||
008231018e202310  onca    ob   f000 0 eng d
020 |a9780660683393
040 |aCaOODSP|beng|erda|cCaOODSP
043 |an-cn---
0861 |aHP15-30/3-2023E-PDF
24500|aChapter 3 : |bcare during pregnancy.
24630|aCare during pregnancy
24617|aFamily-centred maternity and newborn care : |bnational guidelines
264 1|aOttawa, ON : |bPublic Health Agency of Canada = Agence de la santé publique du Canada, |cOctober 2023.
264 4|c©2023
300 |a1 online resource (75 pages) : |billustrations
336 |atext|btxt|2rdacontent
337 |acomputer|bc|2rdamedia
338 |aonline resource|bcr|2rdacarrier
500 |aIssued also in French under title: Chapitre 3 : soins pendant la grossesse.
500 |a"Pub.: 230493."
504 |aIncludes bibliographical references (pages 65-75).
650 0|aPrenatal care|zCanada.
7102 |aPublic Health Agency of Canada, |eissuing body.
77508|tChapitre 3 : |w(CaOODSP)9.928996
795 |tChapter 3 : |w(CaOODSP)9.877384
85640|qPDF|s1.07 MB|uhttps://publications.gc.ca/collections/collection_2024/aspc-phac/HP15-30-3-2023-eng.pdf
8564 |qHTML|sN/A|uhttps://www.canada.ca/en/public-health/services/publications/healthy-living/maternity-newborn-care-guidelines-chapter-3.html